Los rollos del Mar Muerto: el descubrimiento de los manuscritos bíblicos
שמור ב:
| מחבר ראשי: | |
|---|---|
| פורמט: | ספר |
| שפה: | ספרדית |
| יצא לאור: |
Ciudad de México
Fondo de Cultura Económica
1956
|
| מהדורה: | 1a. ed |
| סדרה: | Breviarios, 124
|
| נושאים: | |
| תגים: |
הוספת תג
אין תגיות, היה/י הראשונ/ה לתייג את הרשומה!
|
MARC
| LEADER | 00000cam a2200000 a 4500 | ||
|---|---|---|---|
| 001 | UCE6368 | ||
| 003 | CL-VaPUC | ||
| 008 | 150409e19560000mx |||||||||||||||||spa|d | ||
| 082 | 0 | 4 | |a 296.155 |b WIL |2 21 |
| 100 | 0 | |a Wilson, Edmund |e author |9 579027 | |
| 245 | 1 | 4 | |a Los rollos del Mar Muerto: el descubrimiento de los manuscritos bíblicos |
| 250 | |a 1a. ed | ||
| 300 | |a 125 p | ||
| 942 | |c BK | ||
| 945 | |d 20150409 10:07:00 |a dcastane | ||
| 260 | |a Ciudad de México |b Fondo de Cultura Económica |c 1956 | ||
| 650 | 0 | |a Biblia |9 257603 | |
| 650 | 0 | |a Textos sagrados |9 257605 | |
| 650 | 0 | |a Arqueología bíblica |9 317810 | |
| 650 | 0 | |a Manuscritos del Mar Muerto |9 315866 | |
| 650 | 0 | |a Evangelios apócrifos |9 269345 | |
| 583 | |a last modification |c 20150409 10:07:00 |k Rodrigo Vera | ||
| 490 | 0 | |a Breviarios, 124 | |
| 999 | |c 358700 |d 358698 | ||
| 952 | |0 0 |1 0 |3 erd |4 0 |6 296_155000000000000_WIL_1956 |7 0 |8 A |9 467573 |a BIBHIS |b BIBHIS |i 5158877 |o 296.155 WIL 1956 |p 5158877 |r 2025-01-20 |w 2019-11-23 |y BK |z Catalogado en:20150409 |k HIS | ||